<?xml version="1.0" encoding="UTF-8"?><record xmlns="http://www.loc.gov/MARC21/slim" xmlns:zs="http://docs.oasis-open.org/ns/search-ws/sruResponse">
  <leader>01414cz  a2200253n  4500</leader>
  <controlfield tag="001">n  90674418 </controlfield>
  <controlfield tag="003">DLC</controlfield>
  <controlfield tag="005">20161109053436.0</controlfield>
  <controlfield tag="008">900726n| azannaabn          |a ana     c</controlfield>
  <datafield ind1=" " ind2=" " tag="010">
    <subfield code="a">n  90674418 </subfield>
  </datafield>
  <datafield ind1=" " ind2=" " tag="035">
    <subfield code="a">(OCoLC)oca02788769</subfield>
  </datafield>
  <datafield ind1=" " ind2=" " tag="040">
    <subfield code="a">MH</subfield>
    <subfield code="b">eng</subfield>
    <subfield code="e">rda</subfield>
    <subfield code="c">MH</subfield>
    <subfield code="d">DLC</subfield>
    <subfield code="d">UkOxU</subfield>
  </datafield>
  <datafield ind1=" " ind2=" " tag="046">
    <subfield code="s">1989-11</subfield>
    <subfield code="t">1991-01</subfield>
    <subfield code="2">edtf</subfield>
  </datafield>
  <datafield ind1="2" ind2=" " tag="110">
    <subfield code="a">Občanské fórum</subfield>
  </datafield>
  <datafield ind1=" " ind2=" " tag="368">
    <subfield code="a">Political parties</subfield>
    <subfield code="2">lcsh</subfield>
  </datafield>
  <datafield ind1=" " ind2=" " tag="370">
    <subfield code="c">Czech Republic</subfield>
    <subfield code="e">Prague (Czech Republic)</subfield>
    <subfield code="2">naf</subfield>
  </datafield>
  <datafield ind1=" " ind2=" " tag="372">
    <subfield code="a">Politics, Practical</subfield>
    <subfield code="2">lcsh</subfield>
  </datafield>
  <datafield ind1="2" ind2=" " tag="410">
    <subfield code="a">Civic Forum</subfield>
  </datafield>
  <datafield ind1="2" ind2=" " tag="510">
    <subfield code="w">r</subfield>
    <subfield code="i">Successor:</subfield>
    <subfield code="a">Občanské  hnutí</subfield>
  </datafield>
  <datafield ind1=" " ind2=" " tag="670">
    <subfield code="a">Fórum (Prague, Czechoslovakia : 1990). Fórum, 31 led. 1990:</subfield>
    <subfield code="b">caption (týdenik Občanského fóra)</subfield>
  </datafield>
  <datafield ind1=" " ind2=" " tag="670">
    <subfield code="a">Suk, J. Občanské fórum, 1997:</subfield>
    <subfield code="b">p. [236] (Civic Forum)</subfield>
  </datafield>
  <datafield ind1=" " ind2=" " tag="670">
    <subfield code="a">Revolutionary and dissident movements, 1991:</subfield>
    <subfield code="b">p. 64 (Civic Forum; formed Nov. 1989 as an umbrella group for all pro-democracy forces in the Czech Republic)</subfield>
  </datafield>
  <datafield ind1=" " ind2=" " tag="670">
    <subfield code="a">Political handbook of the world, 1997:</subfield>
    <subfield code="b">p. 216-218 (Občanské fórum; with its Slovak counterpart Public Against Violence, won seats in the federal legislative election in June 1990)</subfield>
  </datafield>
  <datafield ind1=" " ind2=" " tag="670">
    <subfield code="a">Wikipedia, viewed November 7, 2016</subfield>
    <subfield code="b">Občanské fórum page (At the Civic Forum congress in January 1991, the movement divided. The more liberal members of Civic Forum, led by federal minister of foreign affairs, formed the Civic Movement (Občanské  hnutí))</subfield>
  </datafield>
</record>
